Development and Rights: Tempering Universalism and Relativism /
Guardado en:
| Hovedforfatter: | |
|---|---|
| Format: | Texto |
| Fag: | |
| Tags: |
Tilføj Tag
Ingen Tags, Vær først til at tagge denne postø!
|
MARC
| LEADER | 00000 a a2200000 04500 | ||
|---|---|---|---|
| 001 | 18641 | ||
| 003 | |||
| 040 | |||
| 100 | |a Lund, Christian | ||
| 245 | |a Development and Rights: |b Tempering Universalism and Relativism / |c Christian Lund | ||
| 650 | |a NORMAS SOCIALES | ||
| 650 | |a PLURALISMO CULTURAL | ||
| 650 | |a LIBERTAD | ||
| 650 | |a RESPONSABILIDAD | ||
| 650 | |a PODER DE LA COMUNIDAD | ||
| 650 | |a FILOSOFIA | ||
| 773 | |g volumen 10, número 2; páginas 7-18 | ||
| 999 | |c 35764 |d 35764 | ||
